मुजरिम हाज़िर: बंगला उपन्यास ‘आसमी हाजिर’ का हिन्दी अनुवाद (Record no. 118170)

MARC details
000 -LEADER
fixed length control field 01154nam a2200277Ia 4500
003 - CONTROL NUMBER IDENTIFIER
control field OSt
005 - DATE AND TIME OF LATEST TRANSACTION
control field 20220918112051.0
008 - FIXED-LENGTH DATA ELEMENTS--GENERAL INFORMATION
fixed length control field 220915b |||||||| |||| 00| 0 hin d
020 ## - INTERNATIONAL STANDARD BOOK NUMBER
International Standard Book Number 9788170284925 (hbk)
037 ## - SOURCE OF ACQUISITION
Terms of availability Textbook
040 ## - CATALOGING SOURCE
Language of cataloging hin
Original cataloging agency ARTS
Transcribing agency ARTS
041 ## - LANGUAGE CODE
Language code of text/sound track or separate title hin
100 ## - MAIN ENTRY--PERSONAL NAME
Personal name मित्र, बिमल; तिवारी,
245 #0 - TITLE STATEMENT
Title मुजरिम हाज़िर: बंगला उपन्यास ‘आसमी हाजिर’ का हिन्दी अनुवाद
246 ## - VARYING FORM OF TITLE
Title proper/short title Mujarim hāज़ira: bangalā upanyās ‘āsamī hājira’ kā hindī anuvāda
260 ## - PUBLICATION, DISTRIBUTION, ETC.
Place of publication, distribution, etc. दिल्ली
Name of publisher, distributor, etc. राजपाल भारत
Date of publication, distribution, etc. 2007
300 ## - PHYSICAL DESCRIPTION
Extent 735पृ0
Dimensions cm.
700 ## - ADDED ENTRY--PERSONAL NAME
Personal name हंसकुमार, अनु.
942 ## - ADDED ENTRY ELEMENTS (KOHA)
Classification part O157,3N12,45, 152P7-;1
Koha item type Textbook
Source of classification or shelving scheme Colon Classification (CC)

No items available.

Copyright @ Delhi University Library System